Normal view MARC view
  • TW Research Associates

Entry Corporate Name

Number of records used in: 1

001 - CONTROL NUMBER

  • control field: 4841

003 - CONTROL NUMBER IDENTIFIER

  • control field: SIRSI

005 - DATE AND TIME OF LATEST TRANSACTION

  • control field: 20190806150237.0

008 - FIXED-LENGTH DATA ELEMENTS

  • fixed length control field: 051220n| aaannaabn |n ana d

040 ## - CATALOGING SOURCE

  • Original cataloging agency: OSt
  • Transcribing agency: OSt

110 2# - HEADING--CORPORATE NAME

  • Corporate name or jurisdiction name as entry element: TW Research Associates

670 ## - SOURCE DATA FOUND

  • Source citation: The definitive guide to retail and leisure parks 2005, 2004